<?xml version="1.0" encoding="UTF-8"?>
<record
    xmlns:xsi="http://www.w3.org/2001/XMLSchema-instance"
    xsi:schemaLocation="http://www.loc.gov/MARC21/slim http://www.loc.gov/standards/marcxml/schema/MARC21slim.xsd"
    xmlns="http://www.loc.gov/MARC21/slim">

  <leader>00650nam a22002297a 4500</leader>
  <controlfield tag="003">0</controlfield>
  <controlfield tag="005">20160609165406.0</controlfield>
  <controlfield tag="008">100208t        xxu||||| |||| 00| 0 eng d</controlfield>
  <datafield tag="020" ind1=" " ind2=" ">
    <subfield code="a">978-92-5-205631-7</subfield>
  </datafield>
  <datafield tag="022" ind1=" " ind2=" ">
    <subfield code="a">1014-1146</subfield>
  </datafield>
  <datafield tag="040" ind1=" " ind2=" ">
    <subfield code="a">BIDOC</subfield>
    <subfield code="b">fr</subfield>
    <subfield code="c">bidoc</subfield>
  </datafield>
  <datafield tag="110" ind1=" " ind2=" ">
    <subfield code="a">FAO</subfield>
    <subfield code="9">3509</subfield>
  </datafield>
  <datafield tag="245" ind1=" " ind2=" ">
    <subfield code="a">Situation de l'aquaculture mondiale 2006</subfield>
  </datafield>
  <datafield tag="260" ind1=" " ind2=" ">
    <subfield code="a">Rome</subfield>
    <subfield code="b">FAO</subfield>
    <subfield code="c">2008</subfield>
  </datafield>
  <datafield tag="300" ind1=" " ind2=" ">
    <subfield code="a">ix-134 p.</subfield>
    <subfield code="b">couv. ill. en coul., ill.</subfield>
    <subfield code="c">30 cm.</subfield>
  </datafield>
  <datafield tag="440" ind1=" " ind2=" ">
    <subfield code="a">FAO Document technique sur les p&#xEA;ches</subfield>
    <subfield code="n">500</subfield>
    <subfield code="9">3510</subfield>
  </datafield>
  <datafield tag="650" ind1=" " ind2=" ">
    <subfield code="a">Aquaculture</subfield>
    <subfield code="9">3511</subfield>
  </datafield>
  <datafield tag="650" ind1=" " ind2=" ">
    <subfield code="a">P&#xEA;che</subfield>
    <subfield code="9">3512</subfield>
  </datafield>
  <datafield tag="650" ind1=" " ind2=" ">
    <subfield code="a">Poisson d'eau douce</subfield>
    <subfield code="9">3513</subfield>
  </datafield>
  <datafield tag="650" ind1=" " ind2=" ">
    <subfield code="a">Consommation</subfield>
    <subfield code="9">3514</subfield>
  </datafield>
  <datafield tag="942" ind1=" " ind2=" ">
    <subfield code="c">LIVR</subfield>
  </datafield>
  <datafield tag="999" ind1=" " ind2=" ">
    <subfield code="c">46921</subfield>
    <subfield code="d">46921</subfield>
  </datafield>
  <datafield tag="952" ind1=" " ind2=" ">
    <subfield code="0">0</subfield>
    <subfield code="1">0</subfield>
    <subfield code="4">0</subfield>
    <subfield code="7">0</subfield>
    <subfield code="a">BIDOC</subfield>
    <subfield code="b">BIDOC</subfield>
    <subfield code="d">2010-02-08</subfield>
    <subfield code="e">FAO</subfield>
    <subfield code="l">0</subfield>
    <subfield code="o">PA.2008.006</subfield>
    <subfield code="r">2010-02-08 00:00:00</subfield>
    <subfield code="t">A.11592</subfield>
    <subfield code="w">2010-02-08</subfield>
    <subfield code="y">LIVR</subfield>
  </datafield>
</record>
